76ers Bandwagon Test - Statistics

General Stats
  • This quiz has been taken 466 times
    136 since last reset
  • The average score is 12 of 16
Answer Stats
Question Answer % Correct
Allen Iverson
98%
Joel Embiid
98%
Which 76er guard made his first All-Star appearance in 2024? Tyrese Maxey
93%
Who won Finals MVP? Moses Malone
90%
Moses Malone
90%
When was the most recent 76ers championship? 1983
87%
Julius Erving
87%
Which 76ers have won MVP? Wilt Chamberlain
87%
Which former 76er is now a co-host of Inside the NBA? Charles Barkley
86%
What college did he go to? Kentucky
80%
What was the team called before the 76ers Nationals
66%
Who is the leading scorer in 76ers history? Hal Greer
65%
Where did they play? Syracuse
61%
Where do the 76ers play? Wells Fargo Center
60%
What former Sixer is nicknamed Chocolate Thunder? Darryl Dawkins
46%
What GM is most known for the Process? Sam Hinkie
40%
No matching quizzes found
Score Distribution
Percent of People with Each Score
Percentile by Number Answered
Your Score History
You have not taken this quiz since the last reset